[Event "BAN-chT"]
[Site "Dhaka"]
[Date "2013.11.06"]
[Round "5"]
[White "Md Jamal, Uddin"]
[Black "Din, Mohammad"]
[Result "1-0"]
[WhiteElo "2085"]
[BlackElo "1985"]
[PlyCount "75"]
[EventDate "2013.11.02"]
[EventType "team-tourn"]
[EventRounds "9"]
[EventCountry "BAN"]
[SourceTitle "CBM 157 Extra"]
[Source "ChessBase"]
[SourceDate "2013.12.19"]
[SourceVersion "1"]
[SourceVersionDate "2013.12.19"]
[SourceQuality "1"]

1. d4 d6 2. c4 Nf6 3. Nc3 g6 4. e4 Bg7 5. Bg5 c5 6. Nge2 Qa5 7. Bd2 Nc6 8. d5 Ne5 9. Nc1 a6 10. Nb3 Qc7 11. a4 0-0 12. Be2 e6 13. 0-0 exd5 14. Nxd5 Nxd5 15. cxd5 f5 16. f3 fxe4 17. fxe4 Bd7 18. h3 Rae8 19. Qc2 Rxf1+ 20. Bxf1 b5 21. axb5 axb5 22. Be3 Qb7 23. Na5 Qb6 24. Ra2 b4 25. b3 Bb5 26. Bc4 Ra8 27. Nc6 Ra3 28. Nxb4 Nxc4 29. bxc4 Rxe3 30. Ra8+ Be8 31. Rxe8+ Kf7 32. Qa4 Qb7 33. Rd8 Rxe4 34. Rd7+ Qxd7 35. Qxd7+ Re7 36. Qxd6 Bd4+ 37. Kf1 cxb4 38. Qxb4 1-0

[Event "Pune CC Knockout"]
[Site "Pune"]
[Date "2006.10.30"]
[Round "1.2"]
[White "Din, Mohammad"]
[Black "Ganguly, Surya Shekhar"]
[Result "0-1"]
[WhiteElo "2085"]
[BlackElo "2573"]
[PlyCount "28"]
[EventDate "2006.10.30"]
[EventType "k.o. (rapid)"]
[EventRounds "6"]
[EventCountry "IND"]
[SourceTitle "EXT 2007"]
[Source "ChessBase"]
[SourceDate "2006.11.23"]
[SourceVersion "1"]
[SourceVersionDate "2006.11.23"]
[SourceQuality "1"]

1. f4 e5 2. d3 Nc6 3. Nf3 exf4 4. Bxf4 d5 5. Nc3 Bb4 6. d4 Nf6 7. Qd3 Ne4 8. 0-0-0 Bxc3 9. bxc3 Qe7 10. Qe3 Na5 11. Nd2 Qa3+ 12. Kb1 Be6 13. Nb3 Nc4 14. Qc1 Nxc3+ 0-1

[Event "Pune CC Knockout"]
[Site "Pune"]
[Date "2006.10.30"]
[Round "1.1"]
[White "Ganguly, Surya Shekhar"]
[Black "Din, Mohammad"]
[Result "1-0"]
[WhiteElo "2573"]
[BlackElo "2085"]
[PlyCount "43"]
[EventDate "2006.10.30"]
[EventType "k.o. (rapid)"]
[EventRounds "6"]
[EventCountry "IND"]
[SourceTitle "EXT 2007"]
[Source "ChessBase"]
[SourceDate "2006.11.23"]
[SourceVersion "1"]
[SourceVersionDate "2006.11.23"]
[SourceQuality "1"]

1. e4 d5 2. exd5 Qxd5 3. Nc3 Qa5 4. d4 Nf6 5. Nf3 c6 6. Bc4 Bf5 7. Bd2 Qc7 8. Ne5 e6 9. g4 Bg6 10. h4 Ne4 11. f3 Nxc3 12. Bxc3 f6 13. h5 Bf7 14. Nxf7 Qg3+ 15. Kf1 Kxf7 16. Qe2 Qd6 17. Re1 Be7 18. Bb4 Qc7 19. Qxe6+ Ke8 20. Bxe7 Na6 21. Qf7+ Kd7 22. Be6# 1-0